000 00686nam a2200253 a 4500
001 nice12345678
003 IN_TiNIC
005 20260116013858.0
008 050524s1995 cara grp 000 0 eng
020 _a
_c535.33
082 0 0 _a305.402208
_bFRA
100 _aFrance, R T
245 _aWomen in the Church`s Ministry
_b Test-Case for Biblical Hermeneutics
260 _aCarlisle
_bPaternoster Press
_c1995
300 _a96p
500 _aincludes index and biblioraphy
505 2 _aBibliography, Subject Index, Author Index
650 _aWomen in Bible
650 _aBible-Hermeneutics
700 1 _aFrance, R T
902 _bSRS
942 _cBK
999 _c12931
_d12931